Senior secretarial duties and office organization (Record no. 29802)

MARC details
000 -LEADER
fixed length control field 00314nam a2200121Ia 4500
082 ## - DEWEY DECIMAL CLASSIFICATION NUMBER
Classification number 651.44
Item number AUS
100 ## - MAIN ENTRY--AUTHOR NAME
Personal name Austin, Evelyn
245 #0 - TITLE STATEMENT
Title Senior secretarial duties and office organization
250 ## - EDITION STATEMENT
Edition statement Ed.2
260 ## - PUBLICATION, DISTRIBUTION, ETC. (IMPRINT)
Place of publication Norwich
Name of publisher Macdonald
Year of publication 1978
942 ## - ADDED ENTRY ELEMENTS (KOHA)
Koha item type Books
Holdings
Withdrawn status Lost status Damaged status Not for loan Home library Current library Date acquired Cost, normal purchase price Full call number Accession Number Koha item type
        RRII Library RRII Library 16/12/2021 2.95 651.44 AUS 10382 Books